000 00331nam a22001337a 4500
008 190129b xxu||||| |||| 00| 0 eng d
020 _a0871011239
041 _aeng
080 _a316
100 _a50
101 _aSOC
245 _aSocial Work in Private Practice principles, issues, and dilemmas
_cBarker,R.L
942 _2udc
_cBK
999 _c53840
_d53840